00604nam a2200193 4500003001100000005001700011008004100028020001500069040003900084041000800123082001500131245005600146260004600202650002600248700002500274942000700299952008900306999001500395LK-CoMWRAF20240103114517.0230903b1989 |||||||| |||| 00| 0 eng d a0140117008 aLK-CoMWRAFdLK-CoMWRAFeLK-CoMWRAF aeng a810.8bPUS aThe Pushcart prize, XIV : Best of the small presses aWainscott, N.Y. : bPushcart Press,c1989 a American Literature  aHenderson, Billeed. cBK 00104070aMAINbMAINd2023-09-03l0o810.8 PUSpRAF807r2023-09-03w2023-09-03yBK c3389d3389